000
00293nam a2200109 a 4500
005
20140414132003.0
008
110126s19uu xx 00 eng d
050
_a
TR 372.7
_b
M42 2003
245
_a
Maths 2 :
_b
Maths exercises for preschoolers.
440
_a
Active kindergarten
999
_c
113115
_d
113115